| 000 | 01689nam a22002897a 4500 | ||
|---|---|---|---|
| 005 | 20091113101412.0 | ||
| 008 | 091113t xxu||||| |||| 00| 0 hin d | ||
| 010 | _aHIN-88498 | ||
| 020 |
_a9788183221504 _c125.00 |
||
| 035 | _aHN-60844 | ||
| 037 | _bDBAD / PUB | ||
| 040 |
_aDPL _bHN |
||
| 082 | _a158.1 | ||
| 100 | _aमैक्गिनिस, एलन लॉय | ||
| 245 |
_aआत्मविश्वासः सफलता की नींव / _cएलन लॉय मैक्गिनिस; दीक्षित, सुधीर एवं दीक्षित, रजनी द्वारा अनुदित |
||
| 246 |
_aAatmvishvas: Safalta kee neeve / _bedit. by Elan lay Maikginis; dikshit , sudeer evem dikshit, Rajanee |
||
| 260 |
_aभोपाल _bमंजुल पब्लिशिंग हाउस _c2009 |
||
| 270 |
_a10, निशांत कालोनी _bभोपाल _e462003 _k917554240340 _l917554055791 _mmanjul@manjulindia.com |
||
| 300 |
_a217पृ _c18सेमी (अजिल्द) |
||
| 500 | _aमूल अँग्रेजी पुस्तक की दो लाख ,से अधिक प्रतियाँ प्रकाशित | ||
| 650 | _aआत्मविश्वास | ||
| 651 | _2Self-confidence | ||
| 700 | _aदीक्षित, सुधीर | ||
| 700 | _aदीक्षित, रजनी | ||
| 942 |
_2ddc _cHN _h158.1 _mमैक्गिनि |
||
| 999 |
_c31738 _d31738 |
||